| 000 | 00435nam a2200145Ia 4500 | ||
|---|---|---|---|
| 008 | 211109s9999||||xx |||||||||||||| ||und|| | ||
| 082 |
_a894.8123 _bPUN-K |
||
| 100 | _aPunathil Kunjabdullah, | ||
| 245 | 0 | _aKhalifa | |
| 260 |
_bMedia World Communications _aChry No 206 _c1987 |
||
| 300 | _a103p. | ||
| 630 | _xGENERAL STACK | ||
| 650 |
_aMalayalam Literature _vMalayalam Fiction _xMalayalam NovelsShort StoriesMalayalam |
||
| 942 | _cBOOK | ||
| 999 |
_c47146 _d47146 |
||